000 00601nam a2200193 i 4500
001 76868
003 ES-MaACL
005 20240420063031.0
007 t|
008 041005s1958 sp ||||1| spa d
100 1 _aGullón, Ricardo,
_d1908-1991
_960938
245 1 4 _aLas secretas galerías de Antonio Machado /
_cRicardo Gullón.
260 _a[S.l. :
_bs.n.,
_c1958] (
_eMadrid :
_fTaurus Gráf. Osca)
300 _a61 p. ;
_c19 cm.
490 1 _aCuadernos Taurus ;
_v3
830 0 _aCuadernos Taurus ;
_v3
_9180748
852 _aES-MaACL
_j2012-F-12
_bR.42535
999 _c76868
_d76868